Normal view
MARC view
Entry Nome pessoal
001 - NÚMERO DE CONTROLE
- campo de controle: 588
003 - IDENTIFICADOR DO NÚMERO DE CONTROLE
- campo de controle: Br
005 - DATA E HORÁRIO DA ÚLTIMA TRANSAÇÃO
- campo de controle: 20250320132056.0
008 - CAMPO DE DADOS FIXOS
- campo de controle de tamanho fixo: 031024|acnnnaab| aaaaa d
035 ## - NÚMERO DE CONTROLE DO SISTEMA
- Número de Controle do Sistema: 2003102413132424med
040 ## - FONTE DA CATALOGAÇÃO
- Instituição da catalogação original: Br
- Instituição que transcreveu o registro: Br
- Convenções de cabeçalho de assunto/tesauros: Br
100 1# - CABEÇALHO--NOME PESSOAL
- Nome pessoal: Milliet, Sergio,
- Datas associadas ao nome: 1898-1966
- Função do autor por extenso: TRADUTOR
400 1# - REMISSIVA VER--NOME PESSOAL
- Nome pessoal: Silva, Sergio Milliet da Costa e
- Datas associadas ao nome: 1898-1966
400 1# - REMISSIVA VER--NOME PESSOAL
- Nome pessoal: Costa e Silva, Sergio Milliet da
- Datas associadas ao nome: 1898-1966
670 ## - FONTE POSITIVA DOS DADOS
- Citação da fonte positiva dos dados: Sec. de: Beauvoir, Simone de. Todos os homens são mortais. 1983
- Dados encontrados na fonte localizada no subcampo: (tradutor)
670 ## - FONTE POSITIVA DOS DADOS
- Citação da fonte positiva dos dados: Brasil e bras. de hoje
- Dados encontrados na fonte localizada no subcampo: (d.n.)
670 ## - FONTE POSITIVA DOS DADOS
- Citação da fonte positiva dos dados: Delta
- Dados encontrados na fonte localizada no subcampo: (D., n.c.)
670 ## - FONTE POSITIVA DOS DADOS
- Citação da fonte positiva dos dados: http://authorities.loc.gov 21/3/2017
- Dados encontrados na fonte localizada no subcampo: (jornalista, crítico, pintor, poeta; D., rem.)
670 ## - FONTE POSITIVA DOS DADOS
- Citação da fonte positiva dos dados: http://viaf.org/processed/JPG%7C500356586
- Dados encontrados na fonte localizada no subcampo: (pintor, escritor e crítico de arte)
670 ## - FONTE POSITIVA DOS DADOS
- Citação da fonte positiva dos dados: http://enciclopedia.itaucultural.org.br/pessoa252/sergio-milliet
- Dados encontrados na fonte localizada no subcampo: (escritor, pintor, poeta, ensaísta, crítico de arte e de literatura, sociólogo e tradutor; D.))